| 000 | 00390nam a2200145Ia 4500 | ||
|---|---|---|---|
| 008 | 240729s9999 xx 000 0 und d | ||
| 022 | _a2583-2980 | ||
| 245 | 0 | _aJournal of Agrometeorology | |
| 260 | _aIndia | ||
| 260 | _bAssociation of agrometeorologists | ||
| 650 | _aAgriculture | ||
| 856 | _uhttps://doaj.org/toc/94039cfd1bb64dda845367e261eb5b82 | ||
| 942 | _2ddc | ||
| 942 | _cDOAJEJ | ||
| 999 |
_c68094 _d68094 |
||
| 945 |
_a1 _bMadushi Gamage _c1 _dMadushi Gamage |
||